Statistics for Lord of the Rings quotes

Click here to take the quiz!

General Stats

  • This quiz has been taken 676 times
    (660 since last reset)
  • The average score is 10 of 15

Answer Stats

HintAnswer% Correct
"They had no honor in life. They have none now in ___."death
96%
"Victory was near, but the power of the ___ could not be undone."ring
95%
"Fool of a ___. Throw yourself in next time, and rid us of your stupidity."Took
92%
"Lord Denethor, however, is not the king. He is a ___ only, a caretaker of the throne."steward
83%
"I cannot jump the distance, you'll have to ___ me."toss
78%
"Give me your ___, horse-master, and I shall give you mine."name
76%
"Faramir? This is not the first ___ to have crossed your path."halfling
71%
"I release you from my service. Go now and ___ in what way seems best to you."die
64%
"I gave you the chance of aiding me willingly, but you have elected the way of ___."pain
62%
"Sauron's forces are already moving. The Nine have left ___ ___."Minas Morgul
61%
"That ___ ___ was looking for something. Or someone. Frodo?"black rider
57%
"I'm old, Gandalf. I know I don't look it, but I'm beginning to feel it in my ___."heart
46%
"I am Isildur's heir. Fight for me. And I will hold your ___ fulfilled. What say you?"oaths
43%
"___? Oh, that's not bad for a pointy-eared elvish princeling."Forty-two
42%
"Hail Denethor, son of ___, Lord and Steward of Gondor."Ecthelion
37%

Score Distribution

Percentile by Number Answered

Percent of People with Each Score

Your Score History

You have not taken this quiz since the last reset